00315nam a22000977a 4500082001200000100001900012245008900031260004100120650002600161700003000187 a200 THE aUme Hani Malik aTH-SOF-1239-Use of Adaptive Filters for Three Phase Distorted Grid Connected Systems aIslamabadbNUST College of EMEc2016 a MS-ELECT-71 MSTHESIS aSupervisor Dr. Usman Ali